[Event "Chess Champions"]
[Site "http://www.queenalice.com/game.php?id=770856"]
[Date "2010.5.5"]
[Round "4"]
[White "Heike67"]
[Black "dahora"]
[Result "1-0"]
[WhiteElo "2334"]
[BlackElo "2163"]

1. d4 e6 2. e4 d5 3. Nd2 Nf6 4. e5 Nfd7 5. c3 c5 6. Bd3 Nc6 7. Ne2 f6 8. exf6
Nxf6 9. O-O Bd6 10. Nf3 O-O 11. dxc5 Bxc5 12. Ned4 Nxd4 13. cxd4 Bd6 14. Be3 h6
15. Ne5 Bd7 16. Qe2 Bc6 17. Rac1 Rc8 18. Bd2 Qe8 19. Nxc6 bxc6 20. Rfe1 c5 21.
Qxe6+ Qxe6 22. Rxe6 Ne8 23. Bg6 Bb8 24. Rxc5 Rxc5 25. dxc5 Nf6 26. g3 1-0

[Event "Desafio #27"]
[Site "http://www.queenalice.com/game.php?id=776381"]
[Date "2010.5.16"]
[Round "-"]
[White "Aylton"]
[Black "dahora"]
[Result "0-1"]
[WhiteElo "1910"]
[BlackElo "2156"]

1. f4 e6 2. e4 d5 3. exd5 exd5 4. Nf3 Nf6 5. d3 c5 6. Be2 Nc6 7. O-O Bd6 8. Nc3
O-O 9. a3 Bf5 10. Qe1 Re8 11. h3 Qe7 12. Rf2 d4 13. Nb5 Bb8 14. g4 Bd7 15. a4
Nb4 16. Qd1 Nfd5 17. f5 Nf4 18. Bxf4 Bxf4 19. Rg2 Be3+ 20. Kf1 Bxb5 21. axb5 Nd5
22. Qe1 Bf4 23. c4 Ne3+ 24. Kg1 Nxg2 0-1

[Event "Desafio #28"]
[Site "http://www.queenalice.com/game.php?id=776382"]
[Date "2010.5.16"]
[Round "-"]
[White "dahora"]
[Black "Aylton"]
[Result "0-1"]
[WhiteElo "2161"]
[BlackElo "1928"]

1. d4 Nf6 2. c4 d5 3. Nc3 e6 4. cxd5 exd5 5. Bg5 Nbd7 6. Nf3 c6 7. e3 Bb4 8. Bd3
Qa5 9. Qc2 O-O 10. O-O h6 11. Bh4 Bxc3 12. bxc3 b5 13. a4 Qb6 14. axb5 cxb5 15.
Rfb1 Ba6 16. Qa2 Bb7 17. Bxb5 Qc7 18. Bg3 Qc8 19. Qa4 a6 20. Bxd7 Nxd7 21. Qb3
Bc6 22. c4 dxc4 23. Qxc4 Bxf3 24. Qxc8 Rfxc8 25. gxf3 Kf8 26. Rb7 Ke7 27. Kf1 f6
28. Ke2 g5 29. e4 Ke6 30. d5+ Ke7 31. Rc7 Rxc7 32. Bxc7 Ra7 33. Ba5 Kd6 34. Ke3
Kc5 35. Bc3 Kc4 36. Bd4 Ra8 37. Rc1+ Kb3 38. Rc7 Ne5 39. Rf7 Nxf7 40. Bxf6 a5
41. e5 a4 42. e6 Nd6 43. e7 a3 44. f4 a2 45. fxg5 hxg5 46. f4 gxf4+ 47. Kxf4 Kc4
48. h4 Kxd5 49. h5 Ke6 50. e8=Q+ Rxe8 51. Ba1 Nf7 52. Kg4 Rb8 0-1

[Event "Desafio #29"]
[Site "http://www.queenalice.com/game.php?id=793653"]
[Date "2010.6.22"]
[Round "-"]
[White "Aylton"]
[Black "dahora"]
[Result "0-1"]
[WhiteElo "1969"]
[BlackElo "2142"]

1. d4 e6 2. c4 b6 3. Nf3 f5 4. e3 Nf6 5. Nc3 Bb7 6. Be2 Be7 7. O-O O-O 8. h3 d6
9. a3 Nbd7 10. b4 a6 11. Bb2 Qe8 12. Qb3 Qg6 13. Kh2 Ne4 14. Nxe4 fxe4 15. Nd2
Bh4 16. f4 exf3 17. Nxf3 Qg3+ 18. Kg1 Bg5 19. Rae1 Bxf3 20. Bxf3 Rxf3 21. Rxf3
Qxe1+ 22. Kh2 Rf8 23. Rg3 Rf1 0-1

[Event "Desafio #30"]
[Site "http://www.queenalice.com/game.php?id=793654"]
[Date "2010.6.22"]
[Round "-"]
[White "dahora"]
[Black "Aylton"]
[Result "1-0"]
[WhiteElo "2149"]
[BlackElo "1976"]

1. d4 Nf6 2. c4 e6 3. Nc3 d5 4. cxd5 exd5 5. Bg5 Nbd7 6. Nf3 c6 7. e3 h6 8. Bh4
Be7 9. Bd3 O-O 10. O-O a6 11. a4 b6 12. Qc2 Bb7 13. h3 Rc8 14. Qe2 b5 15. Rac1
Re8 16. axb5 axb5 17. Ra1 Qb6 18. Bg3 Ra8 19. Qc2 Rxa1 20. Rxa1 Ra8 21. Rxa8+
Bxa8 22. Bh4 Bd6 23. Bf5 Qc7 24. g4 g5 25. Bxd7 Qxd7 26. Bg3 Bxg3 27. fxg3 Kg7
28. Ne5 Qe8 29. Kf2 Nd7 30. Nd3 Qe7 31. Ne2 f6 32. Qc3 Qd6 33. Nc5 Nxc5 34. dxc5
Qe5 35. Nd4 Kg6 36. Qa5 Qb8 37. Qb6 Qxb6 38. cxb6 Kf7 39. Nf5 Ke6 40. Nxh6 c5
41. h4 gxh4 42. gxh4 b4 43. Ke2 Bb7 44. Nf5 1-0

[Event "Challenge"]
[Site "http://www.queenalice.com/game.php?id=796318"]
[Date "2010.6.28"]
[Round "-"]
[White "pedepano"]
[Black "dahora"]
[Result "0-1"]
[WhiteElo "2128"]
[BlackElo "2135"]

1. e4 e6 2. d4 d5 3. Nc3 Nf6 4. Bg5 Be7 5. e5 Nfd7 6. h4 Bxg5 7. hxg5 Qxg5 8.
Nh3 Qe7 9. Qg4 f6 10. Qh5+ g6 11. exf6 Nxf6 12. Qg5 Nc6 13. O-O-O Bd7 14. Bb5
O-O-O 15. Bxc6 Bxc6 16. Ng1 Rdf8 17. Nf3 Qd8 18. Ne5 Bd7 19. Qe3 Ne8 20. a4 Nd6
21. Kb1 Qf6 22. f4 Be8 23. Rdf1 Nf5 24. Qd3 h5 25. Rf3 a6 26. b3 Kb8 27. Ne2 h4
28. Rhh3 Qg7 29. Kb2 Nd6 30. g3 hxg3 31. Rfxg3 Ne4 32. Rg2 Rxh3 33. Qxh3 c5 34.
Qxe6 Bf7 35. Nxf7 Qxf7 36. Qxf7 Rxf7 37. dxc5 Nxc5 38. Rxg6 Kc7 39. Nc3 d4 40.
Nd5+ Kd7 41. Ka3 d3 42. cxd3 Nxd3 43. Rb6 Kc8 44. Rf6 Rxf6 45. Nxf6 Nxf4 46. Ne4
Kd7 0-1

[Event "Challenge"]
[Site "http://www.queenalice.com/game.php?id=796319"]
[Date "2010.6.28"]
[Round "-"]
[White "dahora"]
[Black "pedepano"]
[Result "1-0"]
[WhiteElo "2156"]
[BlackElo "2060"]

1. d4 Nf6 2. c4 g6 3. Nc3 Bg7 4. e4 d6 5. f4 O-O 6. Nf3 Bg4 7. Be3 Nbd7 8. Be2
c5 9. d5 Ne8 10. h3 Bxf3 11. Bxf3 Qa5 12. Bd2 Qb6 13. Rb1 Bd4 14. Nb5 Bg7 15.
Bc3 a6 16. Bxg7 Nxg7 17. Nc3 Qa5 18. a3 b5 19. Be2 bxc4 20. Bxc4 Rab8 21. O-O
Rxb2 22. Rxb2 Qxc3 23. Qc1 Qxa3 24. Rf3 Qa5 25. Ra2 Qc7 26. Rxa6 Nb6 27. Rfa3
1-0

[Event "Desafio #32"]
[Site "http://www.queenalice.com/game.php?id=796359"]
[Date "2010.6.29"]
[Round "-"]
[White "dahora"]
[Black "Aylton"]
[Result "1-0"]
[WhiteElo "2165"]
[BlackElo "2059"]

1. d4 Nf6 2. c4 e6 3. Nc3 d5 4. Nf3 h6 5. Bf4 c6 6. e3 Bd6 7. Bxd6 Qxd6 8. Rc1
dxc4 9. Bxc4 O-O 10. O-O a6 11. Bd3 b5 12. a3 Bb7 13. Nd2 Nbd7 14. Nde4 Nxe4 15.
Nxe4 Qe7 16. b4 f5 17. Nc5 Nxc5 18. Rxc5 Rac8 19. Qb3 Kh8 20. Rfc1 g5 21. Re5
Rce8 22. h3 Kg7 23. Be2 Kg6 24. Bf3 Qd6 25. Qd1 Kf6 26. Rcc5 Rc8 27. Qc2 Qd7 28.
Bh5 Kg7 29. Rc3 Rc7 30. Rec5 Rcc8 31. Bf3 Kf6 32. Bxc6 Bxc6 33. Rxc6 Rxc6 34.
Rxc6 Ra8 35. Qc5 Ra7 36. d5 1-0

[Event "Desafio #31"]
[Site "http://www.queenalice.com/game.php?id=796360"]
[Date "2010.6.29"]
[Round "-"]
[White "Aylton"]
[Black "dahora"]
[Result "1-0"]
[WhiteElo "2047"]
[BlackElo "2174"]

1. f4 e6 2. Nf3 d5 3. d3 c5 4. e3 Bd7 5. Be2 Nf6 6. O-O Bd6 7. h3 Nc6 8. a3 O-O
9. Nc3 a6 10. g4 Qc7 11. Kg2 b5 12. d4 cxd4 13. Nxd4 Rac8 14. Nxc6 Bxc6 15. Bf3
Qb7 16. Bd2 d4 17. exd4 Rfd8 18. Ne2 Ne4 19. c3 f5 20. Bc1 Bd5 21. g5 Qc7 22. h4
Bc4 23. Bxe4 fxe4 24. Be3 Rf8 25. Qd2 Bxe2 26. Qxe2 Rf5 27. Qg4 Rcf8 28. Kg3 Qc4
29. Rae1 e5 30. dxe5 Bxe5 31. Qe2 Qc7 32. fxe5 Qxe5+ 33. Kg2 Rf3 34. Rxf3 exf3+
35. Qxf3 Rxf3 36. Kxf3 Qh2 37. Bf2 Kf7 38. Re2 Qh3+ 39. Bg3 Kg6 40. Kf2 Qf5+ 41.
Kg2 Qd5+ 42. Kf2 Qd3 43. Re3 Qf5+ 44. Kg2 Qc2+ 45. Kf3 Qxb2 46. Kg4 Qxa3 47. h5+
Kf7 48. Rf3+ Ke6 49. Re3+ Kd5 50. c4+ bxc4 51. Rxa3 1-0

[Event "Desafio #33"]
[Site "http://www.queenalice.com/game.php?id=805081"]
[Date "2010.7.18"]
[Round "-"]
[White "Aylton"]
[Black "dahora"]
[Result "0-1"]
[WhiteElo "2014"]
[BlackElo "2147"]

1. f4 e6 2. Nf3 d5 3. d3 c5 4. e3 Nc6 5. Be2 Nf6 6. O-O Bd6 7. a3 O-O 8. h3 Bd7
9. Qe1 h6 10. Nc3 a6 11. g4 d4 12. exd4 Nxd4 13. Nxd4 cxd4 14. Ne4 Nxe4 15. dxe4
Qc7 16. Bd3 e5 17. f5 f6 18. Qe2 Rac8 19. Rf2 Ba4 20. b3 Be8 21. h4 Bb5 22. Bxb5
axb5 23. Bb2 b4 24. a4 d3 25. cxd3 Bc5 26. d4 Bxd4 27. Bxd4 exd4 28. Kg2 Qe5 29.
Rd1 Rc3 30. Rd3 Rfc8 31. Rxc3 Rxc3 32. Rf3 Kf7 33. Rxc3 bxc3 34. Kf3 Qd6 35.
Qc4+ Ke7 36. Ke2 Qh2+ 37. Kf3 Qh3+ 38. Kf4 Qe3# 0-1

[Event "Desafio #34"]
[Site "http://www.queenalice.com/game.php?id=805082"]
[Date "2010.7.18"]
[Round "-"]
[White "dahora"]
[Black "Aylton"]
[Result "1/2-1/2"]
[WhiteElo "2145"]
[BlackElo "2063"]

1. d4 d5 2. c4 e6 3. Nc3 Nf6 4. Nf3 c6 5. Bg5 h6 6. Bh4 Nbd7 7. Ne5 Bb4 8. e3
Qa5 9. Qc2 Ne4 10. Rc1 Qxa2 11. Bd3 Bxc3+ 12. bxc3 Qxc2 13. Rxc2 Nd6 14. cxd5
cxd5 15. c4 Nxe5 16. dxe5 Nxc4 17. Bxc4 dxc4 18. Rxc4 O-O 19. Be7 Re8 20. Bd6 b5
21. Rc7 a5 22. Kd2 Ba6 23. Ra1 a4 24. Rac1 g6 25. Kc3 Kg7 26. Kb4 g5 27. R1c3
Kg6 28. f3 h5 29. R7c6 g4 30. Rc7 gxf3 31. gxf3 Red8 32. Re7 Re8 33. Rcc7 Rxe7
34. Bxe7 Bb7 35. Rxb7 a3 36. Bc5 a2 37. Bd4 a1=Q 38. Bxa1 Rxa1 39. Rb8 Rb1+ 40.
Kc3 Kg7 41. Kc2 Rh1 42. Rxb5 Rxh2+ 43. Kd1 Rf2 44. f4 Kg6 45. Ke1 Ra2 46. Rb7 h4
47. Kf1 h3 48. Kg1 h2+ 49. Kh1 Re2 50. Rb4 Kf5 51. Rb7 Kg6 52. Rb4 Kf5 53. Rb7
1/2-1/2

[Event "Lightning"]
[Site "http://www.queenalice.com/game.php?id=811365"]
[Date "2010.7.31"]
[Round "1"]
[White "dahora"]
[Black "MSouza"]
[Result "0-1"]
[WhiteElo "2155"]
[BlackElo "2220"]

1. d4 Nf6 2. c4 e6 3. Nc3 Bb4 4. Nf3 c5 5. Bg5 Bxc3+ 6. bxc3 Qa5 7. Qb3 Ne4 8.
Bd2 b6 9. e3 Bb7 10. Bd3 O-O 11. O-O Nxd2 12. Nxd2 cxd4 13. exd4 Bxg2 14. Kxg2
Qg5+ 15. Kh1 Qxd2 16. Be4 Nc6 17. d5 Ne5 18. dxe6 fxe6 19. Bxa8 Ng4 20. Qd1 Qf4
0-1

[Event "Desafio #35"]
[Site "http://www.queenalice.com/game.php?id=818470"]
[Date "2010.8.15"]
[Round "-"]
[White "Aylton"]
[Black "dahora"]
[Result "0-1"]
[WhiteElo "1949"]
[BlackElo "2168"]

1. d4 e6 2. c4 b6 3. Nf3 f5 4. Nc3 Bb7 5. e3 Nf6 6. a3 Be7 7. Be2 O-O 8. O-O d6
9. h3 Nbd7 10. b4 h6 11. Bb2 Qe8 12. Qc2 Qg6 13. Rfd1 Ne4 14. d5 e5 15. Nxe4
fxe4 16. Nd2 Bh4 17. Rf1 Rf6 18. Qxe4 Qxe4 19. Nxe4 Rf7 20. g3 Bd8 21. Bh5 Rf8
22. Kg2 b5 23. Bg4 Nb6 24. Be6+ Kh7 25. cxb5 Nxd5 26. Bxd5 Bxd5 27. f3 Bc4 28.
Rfc1 Bxb5 29. Nc3 Bc4 30. e4 Bg5 31. Rh1 a5 32. Kf2 c6 33. h4 Bd8 34. bxa5 Rb8
35. Bc1 Rb3 36. Bd2 Rb2 37. Nb1 Bxa5 38. Ke1 Bb6 39. f4 Bd4 40. Nc3 exf4 41.
gxf4 Bxc3 42. Bxc3 Re2+ 43. Kd1 Rxe4 44. Bd2 d5 45. Kc2 Rb8 46. Rhg1 Re2 47. Kd1
Rh2 48. Bc3 Rb7 49. a4 Rxh4 50. a5 Rxf4 51. a6 Ra7 52. Bxg7 Rf1+ 53. Rxf1 Bxf1
0-1

[Event "Desafio #36"]
[Site "http://www.queenalice.com/game.php?id=818471"]
[Date "2010.8.15"]
[Round "-"]
[White "dahora"]
[Black "Aylton"]
[Result "1-0"]
[WhiteElo "2162"]
[BlackElo "1954"]

1. d4 Nf6 2. c4 e6 3. Nc3 d5 4. Nf3 h6 5. e3 c6 6. Qc2 dxc4 7. Bxc4 b5 8. Bd3
Bb7 9. a3 a6 10. Bd2 Be7 11. O-O O-O 12. Ne5 Nbd7 13. f4 Rc8 14. b4 Nxe5 15.
fxe5 Nd5 16. Ne4 f5 17. Nc5 Bxc5 18. bxc5 g5 19. Rf2 Qd7 20. Raf1 Qg7 21. Qd1
Rce8 22. Qh5 Bc8 23. e4 fxe4 24. Bxe4 Bd7 25. Bxd5 exd5 26. Rf6 Rxf6 27. Rxf6
Qh7 28. Rg6+ Kf8 29. Qf3+ Qf7 30. Rf6 Re7 31. Qh5 Qxf6 32. exf6 1-0

[Event "Konstan 2010"]
[Site "http://www.queenalice.com/game.php?id=821773"]
[Date "2010.8.22"]
[Round "2"]
[White "dahora"]
[Black "TheBigSid"]
[Result "1-0"]
[WhiteElo "2148"]
[BlackElo "2213"]

1. d4 Nf6 2. c4 e6 3. Nc3 Bb4 4. Nf3 b6 5. Bg5 Bb7 6. e3 O-O 7. Bd3 h6 8. Bh4 d6
9. O-O Bxc3 10. bxc3 Nbd7 11. Qc2 Qe7 12. Nd2 e5 13. d5 Nc5 14. Be2 g5 15. Bg3
Nfd7 16. Rae1 f5 17. f4 c6 18. fxe5 Nxe5 19. Rxf5 cxd5 20. Bxe5 dxe5 21. Ref1
Kg7 22. Bh5 Ne4 23. Rf7+ Rxf7 24. Rxf7+ Qxf7 25. Bxf7 Kxf7 26. cxd5 1-0

[Event "Chess Champions"]
[Site "http://www.queenalice.com/game.php?id=823986"]
[Date "2010.8.27"]
[Round "5"]
[White "dahora"]
[Black "Alain91"]
[Result "0-1"]
[WhiteElo "2173"]
[BlackElo "2117"]

1. d4 g6 2. c4 Bg7 3. Nc3 c5 4. Nf3 cxd4 5. Nxd4 Nc6 6. Nxc6 bxc6 7. Bd2 Nf6 8.
e4 O-O 9. Bd3 d5 10. cxd5 cxd5 11. exd5 Nxd5 12. Qc2 Nb4 13. Qa4 Nxd3+ 0-1

[Event "Lightning"]
[Site "http://www.queenalice.com/game.php?id=834836"]
[Date "2010.9.19"]
[Round "3"]
[White "CCapivara"]
[Black "dahora"]
[Result "1-0"]
[WhiteElo "1914"]
[BlackElo "2159"]

1. d4 e6 2. c4 f5 3. Nc3 Nf6 4. Bg5 Be7 5. Nf3 O-O 6. e3 b6 7. Be2 Bb7 8. O-O d6
9. Rc1 Nbd7 10. Re1 a6 11. b3 Qe8 12. d5 e5 13. Bf1 Qg6 14. Bxf6 Bxf6 15. e4 f4
16. b4 Bc8 17. Ne2 a5 18. a3 Be7 19. Qb3 Nf6 20. Nc3 Bg4 21. Nd2 f3 22. g3 Nd7
23. Nb5 Rac8 24. bxa5 bxa5 25. Qc3 a4 26. Qa5 Bg5 27. Rc2 1-0

[Event "Challenge"]
[Site "http://www.queenalice.com/game.php?id=841989"]
[Date "2010.10.5"]
[Round "-"]
[White "kozak"]
[Black "dahora"]
[Result "1-0"]
[WhiteElo "1855"]
[BlackElo "2159"]

1. d4 e6 2. c4 f5 3. e4 fxe4 4. Nc3 Nf6 5. Bg5 d5 6. cxd5 exd5 7. Bxf6 Qxf6 8.
Nxd5 Qd6 9. Qh5+ g6 10. Qe5+ Qxe5 11. dxe5 Kd7 12. Rd1 Kc6 13. f3 exf3 14. Nxf3
Bg4 15. Be2 Bg7 16. O-O h5 17. Rd3 Nd7 18. Ne7+ Kb6 19. Rb3+ Kc5 20. Rc1# 1-0

[Event "Challenge"]
[Site "http://www.queenalice.com/game.php?id=841991"]
[Date "2010.10.5"]
[Round "-"]
[White "dahora"]
[Black "kozak"]
[Result "0-1"]
[WhiteElo "2140"]
[BlackElo "1979"]

1. d4 Nf6 2. c4 c5 3. d5 d6 4. Nc3 g6 5. e4 Bg7 6. Nf3 O-O 7. Bd3 e6 8. O-O exd5
9. Nxd5 Nxd5 10. exd5 Na6 11. a3 Re8 12. Qc2 Bg4 13. Ng5 Nc7 14. h3 Bd7 15. Ne4
Be5 16. f4 Bd4+ 17. Kh1 Qh4 18. Nxd6 Bxh3 19. gxh3 Qxh3+ 20. Qh2 Qxd3 0-1

[Event "Konstan 2010"]
[Site "http://www.queenalice.com/game.php?id=858334"]
[Date "2010.11.13"]
[Round "3"]
[White "Richardlim"]
[Black "dahora"]
[Result "1-0"]
[WhiteElo "2226"]
[BlackElo "2140"]

1. c4 e6 2. Nc3 f5 3. Nf3 Nf6 4. a3 Be7 5. d3 O-O 6. e4 fxe4 7. dxe4 b6 8. Bd3
Bb7 9. h3 d6 10. b4 Nbd7 11. Bg5 Qe8 12. Nd4 Qf7 13. O-O Ne5 14. f3 c5 15. Nc2
Rad8 16. b5 Nh5 17. Bxe7 Qxe7 18. Be2 Nf4 19. Ne3 Qg5 20. Ng4 h5 21. h4 Qxh4 22.
Ne3 Qg5 23. Qe1 d5 24. cxd5 exd5 25. exd5 Bxd5 26. Ncxd5 Rxd5 27. Kh1 Ned3 28.
Bxd3 Rxd3 29. g3 Rxe3 30. Qxe3 Qxg3 31. Rf2 Nd5 32. Qe6+ Kh8 33. Raf1 Nf6 34.
Qe7 Re8 35. Qxa7 Re1 36. Rxe1 Qxf2 37. Qa8+ Kh7 38. Rg1 c4 39. Qb7 Qh4+ 40. Kg2
c3 41. Kf1 1-0

[Event "OS INCLIVEIS"]
[Site "http://www.queenalice.com/game.php?id=1036539"]
[Date "2012.3.6"]
[Round "-"]
[White "adelio"]
[Black "dahora"]
[Result "1-0"]
[WhiteElo "1620"]
[BlackElo "2131"]

1. d4 e6 2. e4 d5 3. e5 c5 4. a3 Nc6 5. Nf3 cxd4 6. Nxd4 Nxe5 7. h4 Nf6 8. Bg5
h6 9. Bxf6 Qxf6 10. Nd2 Bd7 11. Nb5 Bxb5 12. Bxb5+ Nc6 13. Qe2 Qxb2 14. O-O Qf6
15. Nf3 Bd6 16. Rab1 O-O 17. Bxc6 bxc6 18. Rfd1 Bxa3 19. c4 Rab8 20. Ne5 dxc4
21. Nd7 Qxh4 22. Rxb8 Rxb8 23. Nxb8 Qf4 24. Nd7 a5 25. Ne5 c3 26. Rd8+ Kh7 27.
Qd3+ f5 28. Nf7 Qc1+ 29. Kh2 Qf4+ 30. Kg1 Qc1+ 31. Kh2 c2 32. Qg3 Qe1 33. Rh8#
1-0